แสดงรายละเอียดบรรณานุกรม
  กลับหน้าหลัก

Brief Record : Get Marc (ISO 2709) : E-mail record : QR code ปิดหน้าต่าง
E-books : เกี่ยวกับ Collections
LEADER 00000nam 2200000uu 4500
001    206518
003     ULIBM
008    110920s2540||||th 000 0 tha d
020    974-596-925-7
040    ^aBcnkk.
041 0  ^aTha.
060  4 WO 500 ว865ต 2540.
100 0  ^aวุฒิชัย ธนาพงศธร
245 10 ^aตำราการผ่าตัดช่องท้องโดยวิธีส่องกล้อง =^bTextbook oflaparoscopic surgery /^cวุฒิชัย ธนาพงศธร
250    ^aพิมพ์ครั้งที่ 1.
260    ^a[กรุงเทพฯ] :^bภาควิชาศัลยศาสตร์ คณะแพทยศาสตร์มหาวิทยาลัยศรีนครินทรวิโรฒ วชิรพยาบาล,^cc2540
300    ^axv, 558 หน้า :^bภาพประกอบ.
650  7 ^aช่องท้อง - - ^xศัลยกรรม.
650  7 ^aศัลยกรรมแบบส่องกล้อง.
650  7 ^aเยื่อบุช่องท้อง, การส่องตรวจด้วยกล้อง.
710 2  ^aมหาวิทยาลัยศรีนครินทรวิโรฒ วชิรพยาบาล.^bคณะแพทยศาสตร์.^bภาควิชาศัลยศาสตร์.
999    ^aใช้งานได้ทุกระบบ
รายการนี้ยังไม่มีแท็ก
คุณยังไม่ได้ล็อกอิน คุณสามารถมีกิจกรรมร่วมกับเว็บไซต์ได้ แต่ต้องล็อกอินก่อน ::
  ล็อกอิน
ลำดับที่ ประเภท เลขเรียก สถานที่ สถานะ
1. หนังสือทั่วไป
หนังสือทั่วไป
สถานะ=หนังสือเก่า - บริการ ณ ห้องสมุด (ห้องเหลือง)
WO 500 ว865ต 2540  
  
ห้องสมุด หอพักนักศึกษา (ห้องเหลือง) On Shelf
  ขอยืม
   [แสดง 1/1 รายการ]

รายการใกล้เคียง
    ผู้แต่ง [วุฒิชัย ธนาพงศธร]

    หัวเรื่อง [ศัลยกรรมแบบส่องกล้อง.]

BibComment


ยังไม่เคยถูกคอมเมนท์

คอมเมนท์ทรัพยากรรายการนี้
  คอมเมนท์: ตำราการผ่าตัดช่อ..
Bib 206518

 
 
 

 Union Library Management : ULibM
Copyright 2026. All Rights Reserved.
скачать бесплатно без регистрации порно красивый секс HD Sex Hindi sex

xxx gou

xxxx

bfxxx

xxxwww

Секса Видео

xxxx

Секса Видео

detube

geilexxx

C99 Shell

worms shell

blod xxx video
Ebony Coed Rihanna Rimes Takes A Dick In Her Young Twat priyaa indian fuck anal and pusssy hardcore indian women xxx desi hardcore fucking part 1 bengalixxxcouple